Vývozní a dovozní operace Základní fáze průběhu obchodní operace

Tri základné fázy priebehu obchodnej operácie. Fáza prípravná, kontraktačná a realizačná. Uzatváranie a obsah kúpnej zmluvy. Zjednávanie dodacích lehôt, dodacie podmienky (parita).

Gespeichert in:
Bibliographische Detailangaben
1. Verfasser: Machková, Hana
Format: Buchkapitel
Sprache:Tschechisch
Schlagworte:
Tags: Tag hinzufügen
Keine Tags, Fügen Sie das erste Tag hinzu!

MARC

LEADER 00000naa a2200000 4500
001 r013886
005 20221213083321.7
041 0 |a cze 
044 |a CZ 
245 1 0 |a Vývozní a dovozní operace  |b Základní fáze průběhu obchodní operace  |c Hana Machková 
520 |a Tri základné fázy priebehu obchodnej operácie. Fáza prípravná, kontraktačná a realizačná. Uzatváranie a obsah kúpnej zmluvy. Zjednávanie dodacích lehôt, dodacie podmienky (parita). 
610 2 0 |a operácie obchodné 
610 2 0 |a zmluvy obchodné 
610 2 0 |a vývoz 
610 2 0 |a dovoz 
100 1 |a Machková, Hana